000 003510000a22001450004500
003 MACL
040 _aMACL
090 _c46402
_d46400
100 _aTiwari, Payal Gidwani
245 _aFrom XL to XS
_bA Fitness Guru's Guide ot Changing your body
260 _bRandom House India
_c2010
350 _a199
650 _aFitness
942 _cBOOK
_k610/TIW
999 _c45917
_d45917